| 000 | 00510nam a22001937a 4500 | ||
|---|---|---|---|
| 005 | 20240310144155.0 | ||
| 008 | 240310b |||||||| |||| 00| 0 eng d | ||
| 020 |
_a9788189996420 _cRs. 895.00 |
||
| 040 | _aMAIN | ||
| 082 |
_a301.161 _bB469C |
||
| 100 | _aBhatnagar, S K | ||
| 245 | _aSociological perspectives on mass communications | ||
| 260 |
_aNew Delhi _bShri Sai Printographers _c2012 |
||
| 300 | _a252 | ||
| 650 | _aSociology | ||
| 650 | _aMass Media | ||
| 650 | _aPopular Culture | ||
| 942 | _cBK | ||
| 999 |
_c314305 _d314305 |
||